000 00571nam a22001817a 4500
005 20160923105112.0
010 _aENG-116089
020 _a9789381140246
_c260.00
035 _aEN-99621
037 _bDBAD/PUB
082 _a808.042
100 _aPyne,Ajit
245 _aHow to write paragraphs and letters :
_b you need for the test of written english /
_cby Ajit Pyneall
260 _aKolkata
_bParul Prakashani
_c2016
270 _a8/3,Chintamoni Das lane
_bKolkata
_e700009
300 _axxxii,210p.
_c24cm(pbk)
942 _2ddc
_cEN
_h808.042
_mPYN
999 _c103591
_d103591